Исследование процесса термообработки облученного ядерного графита в кислородной среде; Изотопы: технологии, материалы и применение

Dades bibliogràfiques
Parent link:Изотопы: технологии, материалы и применение.— 2017.— [С. 31]
Autor principal: Беспала Ю. Р.
Autor corporatiu: Национальный исследовательский Томский политехнический университет
Altres autors: Мышкин В. Ф. Вячеслав Фёдорович (научный руководитель)
Sumari:Заглавие с экрана
Idioma:rus
Publicat: 2017
Col·lecció:Селекция веществ оптическими, электромагнитными, ИЦР, лазерными и плазменными методами. Диагностика и методы анализа веществ и примесей
Matèries:
Accés en línia:http://earchive.tpu.ru/handle/11683/44087
Format: Electrònic Capítol de llibre
KOHA link:https://koha.lib.tpu.ru/cgi-bin/koha/opac-detail.pl?biblionumber=624323

MARC

LEADER 00000naa2a2200000 4500
001 624323
005 20250507164213.0
035 |a (RuTPU)RU\TPU\conf\23583 
035 |a RU\TPU\conf\23582 
090 |a 624323 
100 |a 20171120d2017 k y0rusy50 ca 
101 0 |a rus 
102 |a RU 
105 |a y z 101zy 
135 |a drgn ---uucaa 
181 0 |a i  
182 0 |a b 
200 1 |a Исследование процесса термообработки облученного ядерного графита в кислородной среде  |f Ю. Р. Беспала  |g науч. рук. В. Ф. Мышкин 
203 |a Текст  |c электронный 
225 1 |a Селекция веществ оптическими, электромагнитными, ИЦР, лазерными и плазменными методами. Диагностика и методы анализа веществ и примесей 
300 |a Заглавие с экрана 
320 |a [Библиогр.: с. 31 (2 назв.)] 
463 0 |0 (RuTPU)RU\TPU\conf\23567  |t Изотопы: технологии, материалы и применение  |o материалы IV Международной научной конференции молодых ученых, аспирантов и студентов, г. Томск, 30 октября - 3 ноября 2017 г.  |f Национальный исследовательский Томский политехнический университет (ТПУ)  |v [С. 31]  |d 2017 
610 1 |a электронный ресурс 
610 1 |a термообработка 
610 1 |a ядерный графит 
610 1 |a ядерные реакторы 
610 1 |a дезактивация 
610 1 |a газовые потоки 
610 1 |a термическая переработка 
610 1 |a горение 
610 1 |a графит 
610 1 |a запасенная энергия 
610 1 |a энергетический баланс 
610 1 |a труды учёных ТПУ 
700 1 |a Беспала  |b Ю. Р. 
702 1 |a Мышкин  |b В. Ф.  |c физик  |c профессор Томского политехнического университета, доктор физико-математических наук  |f 1962-  |g Вячеслав Фёдорович  |4 727 
712 0 2 |a Национальный исследовательский Томский политехнический университет  |c (2009- )  |9 26305 
801 2 |a RU  |b 63413507  |c 20171123  |g RCR 
850 |a 63413507 
856 4 |u http://earchive.tpu.ru/handle/11683/44087 
942 |c BK